|
|
|
|
| LEADER |
00807nab a2200229 i 4500 |
| 001 |
publ33606 |
| 005 |
20250529153107.0 |
| 008 |
250529s1981 hu o 000 eng d |
| 022 |
|
|
|a 0006-3495
|
| 024 |
7 |
|
|a 1858149
|2 mtmt
|
| 040 |
|
|
|a SZTE Publicatio Repozitórium
|b hun
|
| 041 |
|
|
|a eng
|
| 100 |
1 |
|
|a Garab Győző
|
| 245 |
1 |
0 |
|a Orientation of emitting dipoles of chlorophyll A in thylakoids
|h [elektronikus dokumentum] :
|b considerations on the orientation factor in vivo /
|c Garab Győző
|
| 260 |
|
|
|c 1981
|
| 300 |
|
|
|a 423-437
|
| 490 |
0 |
|
|a BIOPHYSICAL JOURNAL
|v 34 No. 3
|
| 650 |
|
4 |
|a Klinikai orvostan
|
| 700 |
0 |
1 |
|a Kiss József Géza
|e aut
|
| 700 |
0 |
1 |
|a Mustárdy László
|e aut
|
| 700 |
0 |
2 |
|a Michel-Villaz M
|e aut
|
| 856 |
4 |
0 |
|u http://publicatio.bibl.u-szeged.hu/33606/1/aok_klny_1212_81.pdf
|z Dokumentum-elérés
|